000
00322nam a22001217a 4500
008
260506b |||||||| |||| 00| 0 eng d
082
_a
001816
100
_a
Srinivasan T M
245
_a
Model Methods and Perceptions in Yoga
260
_a
Bangalore
_b
Swami Vivekananda Yoga Prakashana
_c
2017
300
_a
296p
942
_2
ddc
999
_c
1449
_d
1449